Programmed instruction for theological education by extension

שמור ב:
מידע ביבליוגרפי
מחבר ראשי: Ward, Ted
פורמט: ספר
שפה:אנגלית
יצא לאור: Cameo. 1971.
מהדורה:2ª ed.
נושאים:
תגים: הוספת תג
אין תגיות, היה/י הראשונ/ה לתייג את הרשומה!

MARC

LEADER 00000nam a22000005a 4500
001 9620
003 CL-ChBUA
005 20120815103208.0
008 070301s1971 xxu 000 0 eng
040 |a CL-ChBUA  |c CL-ChBUA 
082 0 0 |a 268 
090 |c 9620  |d 9620 
100 1 |a Ward, Ted. 
245 1 0 |a Programmed instruction for theological education by extension 
250 |a 2ª ed. 
260 |b Cameo.  |c 1971. 
300 |c 20 cm. 
650 4 |a EDUCACION RELIGIOSA. 
942 |c LIB 
952 |0 0  |1 0  |4 0  |7 0  |9 14160  |a UNACH  |b UNACH  |c 200  |d 2007-03-05  |i 11.490.  |l 0  |o 268 / W 256.  |p 15159  |r 2012-12-27 00:00:00  |u 14160  |w 2012-08-08  |y LIB  |k 268 / W 256. 
999 |c 9620  |d 9620